Ciudadano Welles: conversaciones con Peter Bogdanovich
Salvato in:
| Autore principale: | |
|---|---|
| Natura: | Libro |
| Lingua: | spagnolo |
| Pubblicazione: |
Madrid
Capitán Swing Libros S. L
2015
|
| Edizione: | 1a. ed |
| Serie: | Colección Ensayo
|
| Soggetti: | |
| Tags: |
Aggiungi Tag
Nessun Tag, puoi essere il primo ad aggiungerne!!
|
MARC
| LEADER | 00000cam a2200000 a 4500 | ||
|---|---|---|---|
| 001 | UCD1392 | ||
| 003 | CL-VaPUC | ||
| 008 | 160303e20150000sp |||||||||||||||||spa|d | ||
| 020 | |a 9788494381645 | ||
| 082 | 0 | 4 | |a 791.4309 |b WEL |2 21 |
| 100 | 0 | |a Welles, Orson |e author |9 335318 | |
| 245 | 1 | 0 | |a Ciudadano Welles: conversaciones con Peter Bogdanovich |
| 250 | |a 1a. ed | ||
| 300 | |a 441 p | ||
| 942 | |c BK | ||
| 945 | |d 20160303 03:41:00 |a dcastane | ||
| 260 | |a Madrid |b Capitán Swing Libros S. L |c 2015 | ||
| 600 | 0 | 7 | |a WELLES, ORSON |2 CL-VaPUC |9 335318 |
| 650 | 0 | |a Directores de cine |9 368705 | |
| 650 | 7 | |a REALIZADORES CINEMATOGRAFICOS |2 CL-VaPUC |9 355120 | |
| 650 | 0 | |a Actores de cine |9 356708 | |
| 650 | 7 | |a CINE ESTADOUNIDENSE |2 CL-VaPUC |9 449636 | |
| 650 | 0 | |a Biografías |9 255210 | |
| 583 | |a last modification |c 20160303 03:41:00 |k Rodrigo Vera | ||
| 490 | 0 | |a Colección Ensayo | |
| 999 | |c 362733 |d 362731 | ||
| 952 | |0 0 |1 0 |2 ddc |3 erb |4 0 |6 791_430900000000000_WEL_2015 |7 0 |8 A |9 474192 |a BIBART |b BIBART |i 5265398 |o 791.4309 WEL 2015 |p 5265398 |r 2025-03-13 |w 2019-11-24 |y BK |z Catalogado en:20160303 |k ART | ||